000 01051nam a2200289 a 4500
001 79373
003 BD-RjUL
005 20220418152104.0
008 220214s2013 bg a|||| m||| 00| 0 eng d
035 _a(BD-RjUL)79373
040 _aBD-RjUL
_beng
_cBD-RjUL
_dBD-RjUL
041 _aeng
082 _a616.89
_bBIP 2013
_223
100 _aBiswas, Tanmay Prakash
_91315
245 _aPrevalence of Psychotic Disorders of Males and Females at different stages of life span /
_cBy Tanmay Prakash Biswas ;
_6Supervisor: Md. Abdul Latif
260 _aRajshahi :
_bDepartment of Psychology, University of Rajshahi,
_c2013
300 _aix, Leaves 88 :
_bill. ;
_c30 cm.
502 _aThesis (Ph. D.) -- Department of Psychology, University of Rajshahi, 2013
504 _aBibliography : Leaves 86 - 88
600 _x
_92542
650 _aPeople with mental disabilities
_92539
650 _aSchizophrenia
_92540
650 _aPsychiatry.
_91316
650 _aPsychotherapy.
_92541
700 _aLatif, Md. Abdul, Supervisor
942 _2ddc
_cTHE
999 _c79373
_d79373